| 000 | 00549nam a2200193Ia 4500 | ||
|---|---|---|---|
| 003 | OSt | ||
| 005 | 20200727101533.0 | ||
| 008 | 190216s9999||||xx |||||||||||||| ||und|| | ||
| 020 | _a9788177583335 | ||
| 040 | _coclc | ||
| 082 |
_a512.5 _bLAY/L |
||
| 100 |
_aLay, David C _93754 |
||
| 245 | 0 |
_aLinear Algebra And Its Applications / _cDavid C Lay |
|
| 250 | _a3rd Ed. | ||
| 260 |
_bPearson Education Asia, _c2013. _aNew Delhi: |
||
| 300 | _a602p | ||
| 650 | _aLinear Algebra | ||
| 942 |
_cBK _2ddc _h512.5 _iLAY/L _k512.5 _mLAY/L |
||
| 999 |
_c32429 _d32429 |
||